Marketingový a obchodný manažment v ére tzv. nového marketingu

Salvato in:
Dettagli Bibliografici
Autore principale: Lesáková, Dagmar, 1949-
Natura: Capitolo di libro
Lingua:slovacco
Tags: Aggiungi Tag
Nessun Tag, puoi essere il primo ad aggiungerne!!

MARC

LEADER 00000naa$a2200000$$$4500
001 0063293
005 20240502071728.0
041 0 |a slo 
044 |a SK 
245 1 0 |a Marketingový a obchodný manažment v ére tzv. nového marketingu  |c Dagmar Lesáková 
100 1 |a Lesáková, Dagmar, 1949-